000 00233 a2200097 4500
001 63739
082 _a428 CHI
090 _c37717
_d37717
100 _aB.A Chishty
245 _aPolymer English Grammer and Composition For BA Students
260 _aLahore
_bPolymer PUb
999 _c298812
_d298812